[Event "Hasselbacken Open 2016"]
[Site "Stockholm SWE"]
[Date "2016.05.02"]
[Round "3.51"]
[White "Jacobs, Florian"]
[Black "Subramanian, Aditya"]
[Result "1-0"]
[WhiteElo "2229"]
[BlackElo "2002"]
[WhiteFideId "1018329"]
[BlackFideId "1718924"]
[EventDate "2016.04.30"]

1. d4 Nf6 2. c4 e6 3. Nf3 d5 4. Nc3 Bb4 5. cxd5 exd5 6. Qa4+ Nc6 7. Bg5 h6 8.
Bxf6 Qxf6 9. e3 O-O 10. Be2 a6 11. O-O Be6 12. Rfc1 Bd6 13. Qd1 Ne7 14. Na4 Rad8
15. Nc5 Bc8 16. Qb3 Bxc5 17. Rxc5 c6 18. Qb6 Nf5 19. b4 Nd6 20. a4 Bg4 21. b5
Ne4 22. Rc2 Qf5 23. Rac1 cxb5 24. axb5 Rd6 25. Qxb7 Rg6 26. Kf1 Bh3 27. gxh3
Qxh3+ 28. Ke1 Qg2 29. Bd1 Qh1+ 30. Ke2 Qg2 31. Kd3 Nxf2+ 32. Rxf2 Qxf2 33. Rc2
Qf1+ 34. Be2 Qa1 35. Ne5 Re6 36. Qxd5 axb5 37. Qxb5 Qg1 38. Qd7 Qg5 39. Rc8 Rxc8
40. Qxf7+ Kh7 41. Qxe6 Ra8 42. Bg4 1-0

[Event "Hasselbacken Open 2016"]
[Site "Stockholm SWE"]
[Date "2016.05.02"]
[Round "3.52"]
[White "Douhan, David"]
[Black "Rahul Kumar, Pune"]
[Result "0-1"]
[WhiteElo "2001"]
[BlackElo "2225"]
[WhiteFideId "1711512"]
[BlackFideId "5010969"]
[EventDate "2016.04.30"]

1. e4 g6 2. d4 Bg7 3. Nc3 d6 4. Be3 a6 5. h4 h5 6. Qd2 b5 7. a4 b4 8. Nce2 Nf6
9. f3 a5 10. Nf4 Nbd7 11. Ngh3 e5 12. dxe5 Nxe5 13. Ng5 O-O 14. O-O-O Qe8 15.
Bb5 Bd7 16. Bxd7 Qxd7 17. b3 Rfd8 18. Bd4 Qe8 19. Nd5 c5 20. Bb2 c4 21. Bd4 Nxd5
22. exd5 Rdc8 23. Kb1 Qd7 24. Qf4 Rc7 25. g4 cxb3 26. cxb3 Rac8 27. gxh5 Rc3 28.
Bxc3 Rxc3 29. Rh2 Rxb3+ 30. Kc1 Qxa4 31. Rc2 Qa1+ 32. Kd2 Rd3+ 0-1

[Event "Hasselbacken Open 2016"]
[Site "Stockholm SWE"]
[Date "2016.05.02"]
[Round "3.53"]
[White "Henderson de La Fuente, Lance"]
[Black "Muganlinskij, Hussein"]
[Result "1-0"]
[WhiteElo "2224"]
[BlackElo "1995"]
[WhiteFideId "32096585"]
[BlackFideId "1722581"]
[EventDate "2016.04.30"]

1. e4 c6 2. d4 d5 3. e5 c5 4. dxc5 Nc6 5. Nf3 Bg4 6. Bb5 e6 7. Be3 Qa5+ 8. Nc3
Ne7 9. a3 Nf5 10. b4 Qc7 11. Bd4 Nh4 12. Rg1 Be7 13. Qd3 Ng6 14. Qe3 O-O 15.
Bxc6 Qxc6 16. Nd2 Nh4 17. Nb3 Bf5 18. O-O-O b6 19. g3 Ng6 20. g4 Be4 21. f3 h6
22. Kb2 Bg5 23. Qf2 bxc5 24. Nxc5 Nf4 25. Qg3 Bg6 26. h4 Rfb8 27. hxg5 hxg5 28.
Rh1 a5 29. Qh2 Kf8 30. Qh8+ Ke7 31. Qxg7 Rg8 32. Qf6+ Kf8 33. b5 Rb8 34. Rh8
Rxb5+ 35. Nxb5 Qxb5+ 36. Nb3 Rxh8 37. Qxh8+ Ke7 38. Qc8 1-0

[Event "Hasselbacken Open 2016"]
[Site "Stockholm SWE"]
[Date "2016.05.02"]
[Round "3.54"]
[White "Dahlstrom, Rickard"]
[Black "Lorscheid, Gerhard"]
[Result "0-1"]
[BlackTitle "FM"]
[WhiteElo "1994"]
[BlackElo "2214"]
[WhiteFideId "1702050"]
[BlackFideId "4606000"]
[EventDate "2016.04.30"]

1. d4 d6 2. c4 g6 3. e4 Bg7 4. Nc3 Nc6 5. Be3 e5 6. Nge2 Nh6 7. f3 f5 8. Qd2 Nf7
9. exf5 Bxf5 10. d5 Nb4 11. Ne4 a5 12. N2g3 b6 13. a3 Na6 14. b4 Nb8 15. Ra2 Nd7
16. Be2 Bxe4 17. Nxe4 Bh6 18. Rb2 Bxe3 19. Qxe3 Qh4+ 20. Qf2 Qxf2+ 21. Kxf2 Ke7
22. Rc1 Rhb8 23. Rcb1 Nh6 24. Ng5 axb4 25. axb4 Nf8 26. g4 Ng8 27. Ne4 Nf6 28.
Nc3 g5 29. Nb5 Rc8 30. Rd2 Ng6 31. Bd3 Nh4 32. Re1 Ra4 33. Nd4 Rf8 34. h3 h6 35.
Nc6+ Kd7 36. Re3 Ra1 37. Kg3 Rg1+ 38. Kh2 Rc1 39. Bc2 Ng8 40. Kg3 Rf4 41. c5
Rg1+ 42. Kh2 Rxf3 43. Bf5+ Ke8 44. cxd6 cxd6 45. Ra2 Rg2+ 46. Rxg2 Rxe3 47. Ra2
Nxf5 48. gxf5 Kf7 49. Ra7+ Kf6 50. Rd7 Kxf5 51. Rxd6 Rd3 52. b5 e4 53. Kg2 Rd2+
54. Kf1 e3 55. Rd8 Nf6 56. Rf8 Rf2+ 57. Ke1 Ke4 58. d6 Nd7 59. Re8+ Kf4 60. Re7
Nc5 61. Nb4 Rd2 62. Rf7+ Kg3 63. Rf6 h5 64. Rf5 Kh4 65. Re5 Rxd6 66. Rxe3 Re6
67. Rxe6 Nxe6 68. Nd5 Nd4 69. Nxb6 Kxh3 70. Nd5 Nxb5 71. Kf2 h4 72. Kg1 Nd4 73.
Kh1 Ne2 74. Nf6 g4 75. Nd5 g3 76. Ne3 Nf4 77. Kg1 g2 78. Kf2 Kh2 0-1

[Event "Hasselbacken Open 2016"]
[Site "Stockholm SWE"]
[Date "2016.05.02"]
[Round "3.55"]
[White "Broden, Per"]
[Black "Poulopoulos, Ioannis"]
[Result "0-1"]
[WhiteElo "1992"]
[BlackElo "2214"]
[WhiteFideId "1713922"]
[BlackFideId "4218078"]
[EventDate "2016.04.30"]

1. c4 Nf6 2. Nc3 e6 3. Nf3 Bb4 4. Qb3 Bxc3 5. Qxc3 O-O 6. d3 d6 7. Bg5 e5 8. e3
h6 9. Bh4 Be6 10. Be2 Nbd7 11. h3 c6 12. g4 e4 13. Nd4 Nc5 14. Nf5 Bxf5 15. gxf5
exd3 16. Bxd3 Nxd3+ 17. Qxd3 Qa5+ 18. Kf1 Qe5 19. Rg1 Ne4 20. f3 Qxb2 21. Rd1
Ng5 22. Rg2 Qe5 23. Bg3 Qa5 24. Be1 Qc5 25. Bc3 f6 26. Bd4 Qa5 27. Bc3 Qb6 28.
f4 Nh7 29. Kf2 Rad8 30. Rdg1 Rf7 31. Qd2 Qc5 32. Qd3 d5 33. cxd5 Qxd5 34. Qxd5
Rxd5 35. e4 Rc5 36. Bb4 Rc4 37. Ba3 Rxe4 38. Rd1 Rxf4+ 39. Ke3 Rxf5 40. Rd8+ Nf8
41. Rgd2 Rd5 42. R2xd5 cxd5 43. Rxd5 Rd7 44. Rc5 Kf7 0-1

[Event "Hasselbacken Open 2016"]
[Site "Stockholm SWE"]
[Date "2016.05.02"]
[Round "3.56"]
[White "Brookes, Christopher"]
[Black "Delaere, Koen"]
[Result "1-0"]
[WhiteTitle "CM"]
[WhiteElo "2213"]
[BlackElo "1986"]
[WhiteFideId "4669355"]
[BlackFideId "226408"]
[EventDate "2016.04.30"]

1. e4 c5 2. Nf3 g6 3. d4 cxd4 4. Nxd4 Nc6 5. c4 d6 6. Nc3 Nf6 7. Be2 Nxd4 8.
Qxd4 Bg7 9. Be3 O-O 10. Qd2 Be6 11. O-O Qa5 12. Rfc1 Rfc8 13. b3 a6 14. Rab1 Qd8
15. Bf3 Rab8 16. Ba7 Ra8 17. Qe3 Bh6 18. Qxh6 Rxa7 19. Qe3 b6 20. Ne2 Bg4 21.
Bxg4 Nxg4 22. Qd4 Rb7 23. h3 Ne5 24. Qd5 Qc7 25. Rc3 Qc6 26. Qd4 Qc5 27. Qd2 Nd7
28. Rbc1 Rbc7 29. Re3 Nf6 30. a4 Qc6 31. Nc3 e6 32. Rd1 Ne8 33. h4 Qc5 34. Rh3
Qh5 35. Re1 Rc5 36. Qf4 Qe5 37. Qd2 Qh5 38. f4 Qh6 39. Qf2 Nf6 40. Rd3 Qf8 41.
Qd4 Ne8 42. e5 dxe5 43. fxe5 R5c6 44. Ne4 Ng7 45. Red1 Nf5 46. Qf2 h5 47. g3 Kg7
48. Qd2 Qa3 49. b4 Qxa4 50. Qg5 Qxb4 51. Qf6+ Kh6 52. Rd8 Rxd8 53. Qxd8 Kg7 54.
Qf6+ 1-0

[Event "Hasselbacken Open 2016"]
[Site "Stockholm SWE"]
[Date "2016.05.02"]
[Round "3.57"]
[White "Mehringer, Joerg"]
[Black "Johansson, Gunnar"]
[Result "0-1"]
[WhiteTitle "AIM"]
[WhiteElo "1982"]
[BlackElo "2212"]
[WhiteFideId "12915351"]
[BlackFideId "1703501"]
[EventDate "2016.04.30"]

1. e4 c5 2. g3 d5 3. exd5 Qxd5 4. Nf3 Bg4 5. Bg2 Qe6+ 6. Kf1 Nc6 7. h3 Bh5 8. d3
Qd7 9. Na3 e6 10. Nc4 f6 11. Be3 Nd4 12. Bxd4 cxd4 13. Kg1 Bf7 14. Kh2 Ne7 15.
Re1 Nc6 16. a3 Be7 17. b4 O-O 18. Qd2 b5 19. Nb2 Rac8 20. Rec1 e5 21. c3 dxc3
22. Rxc3 Nd4 23. Nxd4 Qxd4 24. Nd1 a5 25. Rb1 axb4 26. Rxc8 Rxc8 27. axb4 Rc7
28. Ne3 Bf8 29. Bf1 g6 30. Qb2 Qxb2 31. Rxb2 Rc3 32. d4 exd4 33. Nc2 d3 34. Ne1
Bc4 35. Nf3 Rc2 36. Rb1 Rxf2+ 37. Kg1 0-1

[Event "Hasselbacken Open 2016"]
[Site "Stockholm SWE"]
[Date "2016.05.02"]
[Round "3.58"]
[White "Henriksson, Johan"]
[Black "Sparv, Joakim"]
[Result "1-0"]
[WhiteTitle "FM"]
[WhiteElo "2208"]
[BlackElo "1986"]
[WhiteFideId "1703560"]
[BlackFideId "1715534"]
[EventDate "2016.04.30"]

1. d4 d5 2. Nf3 Nf6 3. c4 dxc4 4. e3 c5 5. Bxc4 e6 6. O-O Be7 7. Qc2 O-O 8. dxc5
Qa5 9. e4 Nc6 10. e5 Ng4 11. Qe4 f5 12. exf6 Nxf6 13. Bxe6+ Kh8 14. Qe1 Bxe6 15.
Qxe6 Rae8 16. Nc3 Bxc5 17. Qc4 Bb6 18. Bg5 Ne5 19. Nxe5 Qxe5 20. Bh4 Qf5 21.
Bxf6 Rxf6 22. Nd1 Rc8 23. Qb3 Qc2 24. Ne3 Qc5 25. Qd5 Qf8 26. Rae1 Rc7 27. g3
Rf3 28. Re2 Rcf7 29. Nd1 Bc7 30. Kg2 Bb6 31. Qe4 Qg8 32. Qe6 R3f6 33. Qb3 Qc8
34. Qd5 Rf8 35. Qe4 Rh6 36. h4 Rhf6 37. Rfe1 Qc5 38. f4 Ba5 39. Rf1 Bb6 40. Qxb7
R6f7 41. Qe4 Rd7 42. Nc3 Rd4 43. Qf3 Bc7 44. Ne4 Qf5 45. Ng5 Rd3 46. Qe4 Qd5 47.
Rf3 Qxe4 48. Rxe4 Rd1 49. Rfe3 Bb6 50. Re8 Kg8 51. Re2 h6 52. Nf3 Ra1 53. b3 Rd1
54. h5 Rd5 55. Rxf8+ Kxf8 56. Ne5 Rd1 57. Kf3 Ke7 58. Nc4+ 1-0

[Event "Hasselbacken Open 2016"]
[Site "Stockholm SWE"]
[Date "2016.05.02"]
[Round "3.59"]
[White "Franzen, Thomas"]
[Black "Malm Lindberg, Henrik"]
[Result "0-1"]
[WhiteElo "1980"]
[BlackElo "2208"]
[WhiteFideId "1706039"]
[BlackFideId "1702599"]
[EventDate "2016.04.30"]

1. d4 Nf6 2. Nf3 e6 3. c4 b6 4. g3 Bb7 5. Bg2 Be7 6. O-O O-O 7. Nc3 Ne4 8. Qc2
Nxc3 9. Qxc3 f5 10. b3 Bf6 11. e3 d6 12. Rd1 Qe8 13. Bb2 Nd7 14. Qd2 Qh5 15. Ne1
Bxg2 16. Nxg2 g5 17. f4 Rae8 18. b4 Qf3 19. b5 g4 20. Ne1 Qe4 21. Nd3 h5 22. Qe2
Rf7 23. Nf2 Qa8 24. e4 fxe4 25. Qxe4 Qxe4 26. Nxe4 Bd8 27. Re1 d5 28. cxd5 exd5
29. Nc3 Rfe7 30. Rxe7 Rxe7 31. Nxd5 Re2 32. Bc3 Nf6 33. Nb4 Ne4 34. Nd5 Kf7 35.
Be1 Ke6 36. Nc3 Nxc3 37. Bxc3 Kd5 38. a4 Bf6 39. Kf1 Rxh2 40. Be1 Bxd4 41. Rc1
Bc5 42. Rd1+ Ke4 0-1

[Event "Hasselbacken Open 2016"]
[Site "Stockholm SWE"]
[Date "2016.05.02"]
[Round "3.60"]
[White "Morros Faura, Ricard"]
[Black "Cramling Bellon, Anna"]
[Result "1-0"]
[WhiteElo "2205"]
[BlackElo "1977"]
[WhiteFideId "2294311"]
[BlackFideId "32009232"]
[EventDate "2016.04.30"]

1. e4 c5 2. Nf3 e6 3. d4 cxd4 4. Nxd4 Nf6 5. Nc3 Bb4 6. e5 Nd5 7. Bd2 Nxc3 8.
bxc3 Be7 9. Qg4 g6 10. Bd3 a6 11. O-O d6 12. Bf4 Qc7 13. Qg3 d5 14. h4 Nd7 15.
a4 b6 16. Rfe1 Qxc3 17. Nxe6 Qc6 18. Nd4 Qc3 19. e6 Qxd4 20. exd7+ Kxd7 21. Be5
Qxh4 22. Qxh4 Bxh4 23. Bxh8 f6 24. g3 Bb7 25. gxh4 Rxh8 26. Rab1 1-0

[Event "Hasselbacken Open 2016"]
[Site "Stockholm SWE"]
[Date "2016.05.03"]
[Round "4.1"]
[White "Bok, Benjamin"]
[Black "Shirov, Alexei"]
[Result "1/2-1/2"]
[WhiteTitle "GM"]
[BlackTitle "GM"]
[WhiteElo "2604"]
[BlackElo "2686"]
[WhiteFideId "1017063"]
[BlackFideId "2209390"]
[EventDate "2016.04.30"]

1. e4 c5 2. Nf3 Nc6 3. Bb5 e6 4. Bxc6 bxc6 5. b3 f6 6. O-O e5 7. d3 d5 8. Ba3
Bg4 9. h3 Bh5 10. Re1 Be7 11. Nc3 c4 12. Bxe7 Nxe7 13. dxc4 dxc4 14. Qe2 Bf7 15.
Red1 Qa5 16. Na4 O-O 17. Qe3 Rfd8 18. Qc5 Qxc5 19. Nxc5 Ng6 20. Nb7 Rxd1+ 21.
Rxd1 Nf4 22. Rd7 a5 23. Rd8+ Rxd8 24. Nxd8 Bg6 25. Nxc6 cxb3 26. axb3 Bxe4 27.
Nxa5 Bxf3 28. gxf3 Nxh3+ 29. Kf1 Kf7 30. b4 Ke6 31. c4 Nf4 32. Nb3 Kd6 33. b5
Ne6 34. b6 Kc6 35. c5 Kb7 36. Na5+ Ka6 37. b7 Ka7 38. c6 h5 39. Kg2 Kb8 40. Kg3
Nd4 41. f4 h4+ 42. Kxh4 exf4 43. Kg4 g5 44. Nc4 Nxc6 45. Kf5 Nd4+ 46. Kxf6 g4 1/2-1/2

[Event "Hasselbacken Open 2016"]
[Site "Stockholm SWE"]
[Date "2016.05.03"]
[Round "4.2"]
[White "Almasi, Zoltan"]
[Black "Goganov, Aleksey"]
[Result "1-0"]
[WhiteTitle "GM"]
[BlackTitle "GM"]
[WhiteElo "2682"]
[BlackElo "2591"]
[WhiteFideId "702293"]
[BlackFideId "24109959"]
[EventDate "2016.04.30"]

1. e4 e6 2. d4 d5 3. Nd2 c5 4. Ngf3 cxd4 5. exd5 Qxd5 6. Bc4 Qd6 7. O-O Nf6 8.
Nb3 Nc6 9. Nbxd4 Nxd4 10. Nxd4 a6 11. Re1 Qc7 12. Bf1 Bc5 13. Bg5 Bd7 14. c3
O-O-O 15. b4 Bd6 16. g3 e5 17. Nb3 Be6 18. Qe2 Kb8 19. Na5 Bg4 20. Qe3 Bc8 21.
Rab1 h6 22. Bxf6 gxf6 23. c4 Be7 24. c5 Rd4 25. a3 h5 26. Nb3 Rdd8 27. a4 Be6
28. b5 a5 29. Rec1 Bxb3 30. Qxb3 Rd4 31. Qxf7 h4 32. Bg2 hxg3 33. hxg3 e4 34. c6
b6 35. Rd1 Rhd8 36. Rxd4 Rxd4 37. Rc1 e3 38. fxe3 Rd2 39. Kh2 Ka7 40. Rc4 Bd6
41. Qg8 f5 42. Rh4 Be7 43. Rh7 f4 44. Qe6 1-0

[Event "Hasselbacken Open 2016"]
[Site "Stockholm SWE"]
[Date "2016.05.03"]
[Round "4.3"]
[White "Sevian, Samuel"]
[Black "Postny, Evgeny"]
[Result "1/2-1/2"]
[WhiteTitle "GM"]
[BlackTitle "GM"]
[WhiteElo "2589"]
[BlackElo "2673"]
[WhiteFideId "2040506"]
[BlackFideId "2804344"]
[EventDate "2016.04.30"]

1. e4 e5 2. Nf3 Nc6 3. Bb5 a6 4. Ba4 Nf6 5. O-O Be7 6. d3 d6 7. c3 O-O 8. Nbd2
b5 9. Bc2 d5 10. Re1 d4 11. a4 Rb8 12. axb5 axb5 13. Nf1 Nd7 14. Bb3 Nb6 15.
cxd4 exd4 16. Ng3 Bg4 17. h3 Bxf3 18. Qxf3 Ne5 19. Qe2 c5 20. Bf4 Bf6 21. Nh5 c4
22. Nxf6+ Qxf6 23. Bxe5 Qxe5 24. dxc4 bxc4 25. Bxc4 Nxc4 26. Qxc4 Rxb2 27. Red1
Qxe4 28. Qxd4 Qxd4 29. Rxd4 g6 30. Rad1 Kg7 31. R4d2 1/2-1/2

[Event "Hasselbacken Open 2016"]
[Site "Stockholm SWE"]
[Date "2016.05.03"]
[Round "4.4"]
[White "Smirin, Ilia"]
[Black "Burmakin, Vladimir"]
[Result "1-0"]
[WhiteTitle "GM"]
[BlackTitle "GM"]
[WhiteElo "2665"]
[BlackElo "2554"]
[WhiteFideId "2801990"]
[BlackFideId "4105109"]
[EventDate "2016.04.30"]

1. e4 c6 2. Ne2 e5 3. d4 d6 4. c4 g6 5. Nbc3 Bg7 6. Be3 Nf6 7. f3 O-O 8. Qd2
exd4 9. Nxd4 d5 10. cxd5 cxd5 11. e5 Ne8 12. f4 Nc6 13. Bb5 Ne7 14. O-O Nc7 15.
Rac1 f6 16. exf6 Bxf6 17. Ba4 Kh8 18. Bb3 Ne6 19. Rfe1 Nc5 20. Bc2 Ne6 21. Bf2
Nxd4 22. Bxd4 Bd7 23. Kh1 Bc6 24. Re6 Ng8 25. f5 g5 26. Rxf6 Nxf6 27. Qxg5 Qe7
28. b4 b6 29. Ne2 Rac8 30. Nf4 Bb7 31. Qh4 Kg8 32. Nh5 Rc4 33. Qg5+ Kh8 34.
Bxf6+ Rxf6 35. Nxf6 Rc8 1-0

[Event "Hasselbacken Open 2016"]
[Site "Stockholm SWE"]
[Date "2016.05.03"]
[Round "4.5"]
[White "Stefansson, Hannes"]
[Black "Adhiban, Baskaran"]
[Result "1/2-1/2"]
[WhiteTitle "GM"]
[BlackTitle "GM"]
[WhiteElo "2581"]
[BlackElo "2663"]
[WhiteFideId "2300087"]
[BlackFideId "5018471"]
[EventDate "2016.04.30"]

1. d4 Nf6 2. c4 g6 3. Nf3 Bg7 4. g3 O-O 5. Bg2 d6 6. O-O Nbd7 7. Nc3 e5 8. e4
exd4 9. Nxd4 Nc5 10. h3 Re8 11. Re1 Bd7 12. Bf4 h6 13. Nb3 Ne6 14. Bd2 a5 15. a4
Ng5 16. Bxg5 hxg5 17. c5 Be6 18. cxd6 cxd6 19. Nd4 Qb6 20. Nxe6 Rxe6 21. Ra3 Nd7
22. Rb3 Qd4 23. Rxb7 Nc5 24. Rb5 Qxd1 25. Rxd1 Bxc3 26. bxc3 Nxa4 27. Ra1 Nxc3
28. Rbxa5 Rxa5 29. Rxa5 Nxe4 30. Bxe4 Rxe4 31. Rxg5 Kf8 32. h4 Ke7 33. h5 gxh5
34. Rxh5 Ke6 35. f3 Re2 36. Kf1 Ra2 37. g4 d5 38. Rf5 f6 39. Ke1 d4 40. Rb5 Kd6
41. g5 1/2-1/2

[Event "Hasselbacken Open 2016"]
[Site "Stockholm SWE"]
[Date "2016.05.03"]
[Round "4.6"]
[White "Vorobiov, Evgeny E."]
[Black "Sethuraman, S.P."]
[Result "1/2-1/2"]
[WhiteTitle "GM"]
[BlackTitle "GM"]
[WhiteElo "2572"]
[BlackElo "2658"]
[WhiteFideId "4121341"]
[BlackFideId "5021596"]
[EventDate "2016.04.30"]

1. d4 Nf6 2. c4 g6 3. Nc3 Bg7 4. e4 O-O 5. Nf3 d6 6. Be2 e5 7. dxe5 dxe5 8. Qxd8
Rxd8 9. Bg5 Re8 10. Nd5 Nxd5 11. cxd5 c6 12. Bc4 cxd5 13. Bxd5 Na6 14. O-O Nb4
15. Bc4 Be6 16. Rfc1 Bxc4 17. Rxc4 Nd3 18. Rc7 b6 19. Rd1 Nc5 20. Be3 Ne6 21.
Rcd7 h6 22. g3 Rec8 23. b3 Kf8 24. Bc1 Rc2 25. Ba3+ Kg8 26. R1d2 Rac8 27. Rxc2
Rxc2 28. Rd2 Rc7 29. Bd6 Rd7 30. Bb8 Nd4 31. Kf1 f6 32. Nxd4 exd4 33. Ke2 Bf8
34. Rd1 g5 35. g4 Kf7 36. Kd3 Ba3 37. Rd2 Bb4 38. Re2 Ke6 39. f4 gxf4 40. Bxf4
Bc5 41. Bxh6 Rh7 42. Bf4 Rh3+ 43. Bg3 Bd6 44. Kxd4 Bxg3 45. hxg3 Rxg3 46. Rc2
Kd6 47. Rf2 Ke6 48. Rf4 Rg1 49. a4 Rg3 50. Kc4 Ke5 51. Rf5+ Ke6 52. Rf4 1/2-1/2

[Event "Hasselbacken Open 2016"]
[Site "Stockholm SWE"]
[Date "2016.05.03"]
[Round "4.7"]
[White "Sasikiran, Krishnan"]
[Black "Urkedal, Frode"]
[Result "0-1"]
[WhiteTitle "GM"]
[BlackTitle "IM"]
[WhiteElo "2643"]
[BlackElo "2549"]
[WhiteFideId "5004985"]
[BlackFideId "1506102"]
[EventDate "2016.04.30"]

1. e4 e5 2. Nf3 Nc6 3. Bb5 a6 4. Ba4 Nf6 5. O-O Be7 6. Re1 b5 7. Bb3 O-O 8. a4
b4 9. d4 d6 10. dxe5 dxe5 11. Nbd2 Bc5 12. a5 Bg4 13. c3 bxc3 14. bxc3 Qd3 15.
Qc2 Rad8 16. Qxd3 Rxd3 17. Ba4 Bxf3 18. Nxf3 Nxa5 19. Nxe5 Rxc3 20. Bd2 Bd4 21.
Nf3 Nc4 22. Bxc3 Bxc3 23. Rec1 Bxa1 24. Rxc4 Rb8 25. g3 Kf8 26. e5 Nd5 27. Bc2
Rb4 28. Rc6 Rb6 29. Rc4 c6 30. h4 h6 31. h5 a5 32. Be4 Bb2 33. Rc5 a4 34. Ra5 a3
35. Ne1 Nc3 36. Bf5 a2 37. Nc2 Ne2+ 38. Kg2 Nd4 39. Ra8+ Ke7 40. Ra7+ Kd8 41.
Rxf7 Nxc2 42. Rd7+ Ke8 43. e6 Bf6 44. Bg6+ Kf8 45. Rf7+ Kg8 46. e7 Bxe7 47. Rxe7
Rb8 48. Bf7+ Kf8 0-1

[Event "Hasselbacken Open 2016"]
[Site "Stockholm SWE"]
[Date "2016.05.03"]
[Round "4.8"]
[White "Van Foreest, Jorden"]
[Black "Mareco, Sandro"]
[Result "0-1"]
[WhiteTitle "GM"]
[BlackTitle "GM"]
[WhiteElo "2551"]
[BlackElo "2625"]
[WhiteFideId "1039784"]
[BlackFideId "112275"]
[EventDate "2016.04.30"]

1. e4 c5 2. Nc3 e6 3. Nf3 d6 4. d4 cxd4 5. Nxd4 a6 6. g3 Nf6 7. Bg2 Be7 8. a4
Qc7 9. O-O Nc6 10. Nb3 b6 11. f4 Bb7 12. Kh1 Rc8 13. g4 h6 14. Be3 Na5 15. Nxa5
bxa5 16. Qf3 Nd7 17. Bd4 O-O 18. g5 hxg5 19. fxg5 Bxg5 20. Rg1 Ne5 21. Qh5 f6
22. Bxe5 dxe5 23. h4 Be3 24. Rgd1 Bd4 25. Rd3 Qf7 26. Qe2 f5 27. Rf1 Qg6 28. Kh2
Bxc3 29. bxc3 Bxe4 30. Bxe4 fxe4 31. Rg3 Qh6 32. Rxf8+ Rxf8 33. Qxe4 Rf4 34.
Qxe5 Rxh4+ 35. Kg2 Qd2+ 36. Kf3 Qd1+ 37. Kg2 Qh1+ 0-1

[Event "Hasselbacken Open 2016"]
[Site "Stockholm SWE"]
[Date "2016.05.03"]
[Round "4.9"]
[White "Bachmann, Axel"]
[Black "Libiszewski, Fabien"]
[Result "1/2-1/2"]
[WhiteTitle "GM"]
[BlackTitle "GM"]
[WhiteElo "2621"]
[BlackElo "2520"]
[WhiteFideId "3700488"]
[BlackFideId "616834"]
[EventDate "2016.04.30"]

1. g3 d5 2. Nf3 g6 3. Bg2 Bg7 4. O-O Nf6 5. d3 O-O 6. Nbd2 c5 7. e4 Nc6 8. Re1
b6 9. c3 e6 10. exd5 exd5 11. Nb3 a5 12. a4 Bf5 13. Bf4 Ra7 14. d4 Ne4 15. dxc5
Nxc5 16. Nbd4 Nxd4 17. Nxd4 Bxd4 18. Qxd4 Ne6 19. Qd2 Nxf4 20. Qxf4 Rd7 21. Rad1
Bc2 22. Rd4 Bb3 23. h4 h5 24. Qd2 Rd6 25. Re5 Qd7 26. Qf4 Rd8 27. Kh2 Qc6 28.
Qd2 Kg7 29. Re7 R6d7 30. Rxd7 Rxd7 31. Rf4 Qc5 32. Rd4 Qc6 33. Rf4 Qc5 34. Bf3
Re7 35. Rd4 Re5 36. Kg2 Qe7 37. Rf4 Qc5 38. Rd4 Qe7 39. Qd3 Bc4 40. Qc2 Qe6 41.
b3 Be2 42. Bxe2 Rxe2 43. Qd3 Rb2 44. Rxd5 Qf6 45. Qd4 Rxb3 1/2-1/2

[Event "Hasselbacken Open 2016"]
[Site "Stockholm SWE"]
[Date "2016.05.03"]
[Round "4.10"]
[White "Landa, Konstantin"]
[Black "Blomqvist, Erik"]
[Result "1/2-1/2"]
[WhiteTitle "GM"]
[BlackTitle "GM"]
[WhiteElo "2618"]
[BlackElo "2515"]
[WhiteFideId "4101685"]
[BlackFideId "1709437"]
[EventDate "2016.04.30"]

1. d4 Nf6 2. c4 e6 3. Nc3 Bb4 4. e3 O-O 5. Bd3 d5 6. Ne2 c5 7. cxd5 exd5 8. O-O
Re8 9. a3 Bxc3 10. bxc3 b6 11. c4 cxd4 12. Nxd4 Bb7 13. Bb2 Nbd7 14. cxd5 Nc5
15. Bc4 Bxd5 16. Bb5 Rf8 17. f3 Qc7 18. e4 Be6 19. Rc1 Bd7 20. Bc4 Rad8 21. Qd2
Rfe8 22. Qg5 Kf8 23. Nf5 Bxf5 24. Qxf5 Qd7 25. Qg5 Qc6 26. Bd5 Qd6 27. Rfd1 h6
28. Qh4 Nxd5 29. Rxd5 Qc7 30. Be5 Qc8 31. Qg3 f6 32. Bd6+ Kf7 33. Qf2 Nxe4 34.
Rxc8 Nxf2 35. Rc7+ Ke6 36. Rd2 Ne4 37. fxe4 Rxd6 38. Rxd6+ Kxd6 39. Rxg7 a5 40.
Rg6 Rxe4 41. Rxf6+ Re6 42. Rxe6+ Kxe6 43. Kf2 b5 44. Ke3 Ke5 45. g4 b4 46. axb4
axb4 47. h4 b3 48. Kd3 Kf4 49. g5 hxg5 50. hxg5 Kxg5 51. Kc3 Kf5 52. Kxb3 1/2-1/2

[Event "Hasselbacken Open 2016"]
[Site "Stockholm SWE"]
[Date "2016.05.03"]
[Round "4.11"]
[White "Mikhalevski, Victor"]
[Black "Maze, Sebastien"]
[Result "0-1"]
[WhiteTitle "GM"]
[BlackTitle "GM"]
[WhiteElo "2516"]
[BlackElo "2617"]
[WhiteFideId "2801914"]
[BlackFideId "613762"]
[EventDate "2016.04.30"]

1. d4 Nf6 2. Nf3 b6 3. c4 Bb7 4. g3 g6 5. Bg2 Bg7 6. O-O O-O 7. Qc2 Be4 8. Qa4
Bb7 9. Rd1 e6 10. Bf4 d6 11. Qc2 Be4 12. Qc1 Bb7 13. Bg5 Qe8 14. Bh6 Nbd7 15.
Nc3 Ne4 16. Nb5 Qc8 17. d5 e5 18. Nxe5 Nxg3 19. hxg3 Nxe5 20. Bxg7 Kxg7 21. Qc3
Kg8 22. b4 Nd7 23. f4 Re8 24. Bf3 Qd8 25. Kg2 a6 26. Nd4 Nf6 27. Nc6 Bxc6 28.
dxc6 a5 29. a3 Re6 30. Rac1 Qe7 31. Rc2 h5 32. Rb1 Re3 33. Qb2 axb4 34. axb4
Raa3 35. Qd4 Ng4 36. Rcb2 Rec3 37. c5 Ne3+ 38. Kf2 dxc5 39. bxc5 Nf5 40. Qe5
Qxe5 41. fxe5 Rxc5 42. Rd1 Rxe5 43. Rd7 Ne3 44. Rb1 Ra7 45. Rb3 Nc4 46. Rbd3 Kf8
47. R3d4 b5 48. g4 hxg4 49. Rxg4 Rf5 50. Rd8+ Kg7 51. Rgd4 Ne5 52. R4d5 Ra2 53.
Kg3 Rg5+ 54. Kf4 Ra4+ 55. Ke3 Nxf3 56. exf3 Rxd5 57. Rxd5 Rc4 58. Rxb5 Rxc6 59.
Rb8 g5 60. Rc8 Re6+ 61. Kf2 c6 62. Kg3 Kg6 63. Kg4 Kf6 64. Rc7 Rd6 65. Kh5 Re6
66. Kg4 Kg6 67. Rc8 f6 68. Rc7 Rd6 69. Rc8 Rd4+ 70. Kg3 Rc4 71. Rc7 Rc3 72. Re7
Kf5 73. Re4 c5 74. Kf2 Rc2+ 75. Ke3 Ra2 76. Re8 Ra6 77. Rc8 Ra3+ 78. Ke2 Kf4 79.
Rxc5 Re3+ 0-1